000
00276nam a2200121Ia 4500
008
190216s9999||||xx |||||||||||||| ||und||
100
_a
Claud S George
245
0
_a
Management In Industry
260
_b
S Chand & Co
_c
1967
300
_a
618p
650
_a
Commerce
942
_c
BK
999
_c
4760
_d
4760